00554 2200193 4500001002100000005001500021007000300036008004100039020001800080035002000098082001000118084001600128100001900144245008200163260003800245300004700283650001400330990001600344INLIS00000000000009420231030030958ta231030 g 0 ind  a979-489-133-9 a0010-1023000030 a634.4 a634.4 TIM s0 aTim Penulis PS1 a13 Jenis Belimbing Manis :bPenanaman dan Usaha Penangkaran /cTim Penulis PS aJakarta :bPenebar Swadaya,c1993 aviii, 127 hlm, :bilus, ;c14,5 cm x 21 cm 4aBelimbing a00000000095